Latin Noun Declension - Statistics

General Stats
  • This quiz has been taken 245 times
  • The average score is 42 of 72
Answer Stats
Case Answer % Correct
Nominative lacrima
100%
dominus
98%
Vocative lacrima
96%
ōrātiõ
90%
dominum
89%
Accusative lacrimam
89%
currus
87%
Genitive lacrimae
84%
dominī
83%
flūmen
83%
spēs
83%
domine
82%
ōrātiō
78%
Ablative lacrimā
76%
Dative lacrimae
76%
currus
74%
Nominative lacrimae
74%
dominō
72%
dominō
72%
flūmen
72%
Accusative lacrimās
72%
dominī
71%
spēs
71%
Vocative lacrimae
70%
Genitive lacrimārum
68%
currum
67%
dominī
67%
dominōrum
67%
dominōs
67%
flūmen
65%
Dative lacrimīs
65%
dominīs
63%
Ablative lacrimīs
61%
spem
60%
dominīs
59%
currūs
58%
speī
53%
currūs
50%
spē
50%
ōrātiōnem
49%
currū
48%
currūs
48%
speī
48%
currūs
47%
ōrātiōnis
47%
spēs
47%
spēs
45%
spēs
45%
ōrātiōnī
44%
curribus
41%
curruī
41%
ōrātiōne
41%
ōrātiōnēs
41%
ōrātiōnēs
41%
ōrātiōnēs
40%
curribus
38%
flūminis
38%
ōrātiōnibus
38%
flūminī
37%
curruum
36%
flūmine
36%
ōrātiōnum
36%
spērum
35%
ōrātiōnibus
34%
spēbus
34%
flūmina
32%
flūmina
32%
flūmina
32%
spēbus
32%
flūminibus
29%
flūminum
29%
flūminibus
26%
No matching quizzes found
Score Distribution
Percent of People with Each Score
Percentile by Number Answered
Your Score History
You have not taken this quiz